Unscramble The Taylor Swift Song*2* - Statistics

General Stats
  • This quiz has been taken 101 times
  • The average score is 16 of 16
Answer Stats
Hint Answer % Correct
teterB haTn venReeg Better Than Revenge
100%
kaBln paSce Blank Space
100%
oLve toSry Love Story
100%
ugAstu August
99%
urCel umSmre Cruel Summer
99%
arKam Karma
99%
utO fO hTe odoWs Out Of The Woods
99%
hTe nMa The Man
99%
e!M ME!
98%
abeB Babe
97%
ongL torSy horSt Long Story Short
97%
eTh raeGt rWa The Great War
97%
yaliDtgh Daylight
95%
aPerp inRg Paper Rings
95%
yesE peOn Eyes Open
93%
Mroano Maroon
91%
No matching quizzes found
Score Distribution
Percent of People with Each Score
Percentile by Number Answered
Your Score History
You have not taken this quiz